LEADER 00962nam a2200229 u 4500 001 000000018865 003 CaOOAMICUS 005 20070226110725.0 008 950118s1968 fr u000 u fre u 035 $a10449746 040 $aPUL$bita 100 0 $aMarsilio da Padova,$dc. 1280-c. 1343.$0(OLS)http://pul/name/4279 245 13$aLe défenseur de la paix /$cMarsile de Padoue ; traduction, introduction et commentaire par Jeannine Quillet. 260 $aParis :$bJ. Vrin,$c1968. 300 $a583 p. ;$c26 cm 490 1 $aL'Eglise et l'Etat au moyen âge ;$v12 830 2$aL'Eglise et l'Etat au moyen âge ;$v12.$0(OLS)http://pul/title/5546 850 $aPUL 852 $aPUL$W1$xSL Diritto Canonico 1$y5$m147 I 12$j26551$nBK-PRI$qStampati$B26551$CPULBib$Z2$F26551 $HPUL92067 $82 941 1 $a8 996 $6245$aLe défenseur de la paix$9(OLS)http://pul/title/26772 996 $6260$aParis :$bJ. Vrin$9(OLS)http://pul/publisher/48393 LEADER 01346nam a2200289 a 4500 001 000000121232 003 CaOOAMICUS 005 20100415131420.0 008 100415t2009 it u000 u ita r 020 $a978-88-8241-312-5 040 $aPUL$bita$dReb 082 04$a195 245 02$aL'uomo e la società :$bla politica nel pensiero di Antonio Rosmini /$cF. Conigliaro [et al.]. 260 $aCaltanissetta ;$aRoma :$bSalvatore Sciascia,$c©2009. 300 $a125 p. ;$c20 cm 490 1 $aStudi del Centro "A. Cammarata" ;$v67 504 $aBibliografia in nota. 600 14$aRosmini Serbati, Antonio,$cI.D.C.,$d1797-1855$xPensiero politico e sociale.$0(OLS)http://pul/subject/9559 700 1 $aConigliaro, Francesco.$0(OLS)http://pul/name/44745 830 0$aStudi del Centro "A. Cammarata" ;$v67.$0(OLS)http://pul/title/57954 850 $aPUL 852 $aPUL$W1$xSL Filosofia 3$y81$m195 CONFR 1$j139012$qDDC 21$B138250$CPULBib$Z2$F138250 $H112094 $82 941 1 $a9 996 $6020$a978-88-8241-312-5$9(OLS)http://pul/number/143870 996 $6082$a195$9(OLS)http://pul/classification/342 996 $6245$aL'uomo e la società :$bla politica nel pensiero di Antonio Rosmini$9(OLS)http://pul/title/152470 996 $6260$aCaltanissetta ;$aRoma :$bSalvatore Sciascia$9(OLS)http://pul/publisher/72320